00759nam a2200217 a 450000100060000000300080000600500170001400800410003103500190007204000350009104100080012608200220013410000260015624501540018225000120033626000550034830000290040350400270043265000270045970000550048659366BD-RjUL20211209080724.0161224s1962 ilua b 001 0 eng  a(BD-RjUL)59490 aDLCcODaWUdNIICdBD-RjULbeng aeng 223a658bSMP 19621 aSmith, George Albert,10aPolicy formulation and administration :ba casebook of top management problems in business /cby George Albert Smith, Jr., and C. Roland Christensen. a4th ed. aHomewood, Ill.,bR.D. Irwin,c1962 [printing 1963] a811 p. :bill. ;c24 cm. aIncludes bibliography. 0aIndustrial management.1 aChristensen, C. Rolandq(Carl Roland),d1919-1999,